=LDR 00000nam 2200000 4500 =001 INLIS000000000015984 =005 20130612111248 =008 ***********************************Ind** =035 ##$$0010-061300000015984 =041 ##$$a Ind =082 ##$$a 372.832 =090 ##$$a 372.832, Har p =100 ##$$a Hartini M, Tri =245 ##$$a Pendidikan pancasila kewarganegaraan SD 2C berdasarkan kurikulum sekolah dasar 1994 kelas 2 caturwulan 3, Dra Tri Hartini M. dkk =260 ##$$a 1993 $b Klaten =300 ##$$a ii-66 hlm., ilus, 20 cm =650 ##$$a Pancasila (Pendidikan Dasar) =850 ##$$a NBPNMAT